Colonel Jack

Dettagli Bibliografici
Autore principale: D. Defoe
Riassunto:Книга находится в премиум-версии платформы «Русский как иностранный».
Colonel Jack is one of Daniel Defoe’s most entertaining, revealing, and complex works. It is the supposed autobiography of an English gentleman who begins life as a child of the London streets. He and his brothers are brought up as pickpockets and highwaymen, but Jack seeks to improve himself. Kidnapped and taken to America, he becomes first a slave, then an overseer on plantations in Maryland. Jack’s story is one of dramatic turns of fortune that ultimately lead to a life of law-abiding prosperity as a plantation owner.
Pubblicazione: Москва, T8RUGRAM, 2018
Soggetti:
Accesso online:Перейти к просмотру издания
Natura: MixedMaterials Elettronico

MARC

LEADER 00000 a2200000 4500
001 RU/ROS-EDU.RU/83437
856 4 |u https://www.ros-edu.ru/book?id=83437  |z Перейти к просмотру издания 
010 |a 978-5-521-06426-7 
100 |a 20180101d2018 |||y0rusy0250  
105 |a y z 000zy 
101 0 |a rus 
102 |a RU 
200 1 |a Colonel Jack  |b Электронный ресурс  |f D. Defoe 
700 1 |b D.  |a Defoe  |4 070 
330 |a Colonel Jack is one of Daniel Defoe’s most entertaining, revealing, and complex works. It is the supposed autobiography of an English gentleman who begins life as a child of the London streets. He and his brothers are brought up as pickpockets and highwaymen, but Jack seeks to improve himself. Kidnapped and taken to America, he becomes first a slave, then an overseer on plantations in Maryland. Jack’s story is one of dramatic turns of fortune that ultimately lead to a life of law-abiding prosperity as a plantation owner. 
210 |a Москва  |c T8RUGRAM  |d 2018 
610 1 |a художественная литература 
610 1 |a английский язык 
610 1 |a зарубежная проза 
610 1 |a классика 
610 1 |a приключение 
675 |a 82 
686 |a 84  |2 rubbk 
300 |a Книга находится в премиум-версии платформы «Русский как иностранный». 
215 |a 398 с.